|
|
|
|
| LEADER |
00000nab a2200000 a 4500 |
| 001 |
vtls010715878 |
| 003 |
SK-MaSNL |
| 005 |
20260304194103.0 |
| 008 |
250709s1999 xo |||||||||||||||||slo| |
| 035 |
|
|
|a (urnnbn)urn:nbn:sk:snk:ar-a04lo8
|
| 035 |
|
|
|a (uuid)213ba259-8b76-43bc-b537-45e5a0a1aa75
|
| 035 |
|
|
|a urn:nbn:sk:snk-ab3i09
|
| 040 |
|
|
|a SNKBUCL
|b slo
|c SNKBUCL
|e AACR2
|
| 041 |
0 |
|
|a eng
|
| 044 |
|
|
|a xo
|c SK
|
| 100 |
1 |
|
|a Antalová, Anna,
|d 1936-2007
|4 aut
|9 39959
|
| 245 |
1 |
0 |
|a Daily soft X-ray flare indices (1979 and 1980)
|c A. Antalová
|
| 773 |
0 |
|
|t Contributions of the Astronomical Observatory Skalnaté Pleso
|g Roč. 29, č. 1 (1999), s. [59]-68
|
| 850 |
|
|
|a Slovenská národná knižnica
|
| 852 |
|
|
|a Slovenská národná knižnica
|
| 958 |
|
|
|a article1
|
| 958 |
|
|
|a OND
|
| 958 |
|
|
|a EUIPO
|
| 999 |
|
|
|c 3071971
|d 3073901
|